Algebra / (Record no. 88671)
[ view plain ]
| 000 -LEADER | |
|---|---|
| campo de control de longitud fija | 00529nam a2200193 i 4500 |
| 001 - NÚMERO DE CONTROL | |
| campo de control | 88671 |
| 003 - IDENTIFICADOR DE NÚMERO DE CONTROL | |
| campo de control | ES-MaACL |
| 007 - CAMPO FIJO DE DESCRIPCIÓN FÍSICA--INFORMACIÓN GENERAL | |
| campo de control de longitud fija | t| |
| 008 - DATOS DE LONGITUD FIJA--INFORMACIÓN GENERAL | |
| campo de control de longitud fija | 050105s1974 xxu ||||1| eng d |
| 100 1# - ENTRADA PRINCIPAL--NOMBRE DE PERSONA | |
| Nombre de persona | Lang, Serge. |
| 9 (RLIN) | 70004 |
| 245 10 - MENCIÓN DEL TÍTULO | |
| Título | Algebra / |
| Mención de responsabilidad, etc. | Serge Lang. |
| 250 ## - MENCION DE EDICION | |
| Mención de edición | [6th ed.]. |
| 260 ## - PUBLICACIÓN, DISTRIBUCIÓN, ETC. | |
| Lugar de publicación, distribución, etc. | Reading, Massachusetts : |
| Nombre del editor, distribuidor, etc. | Addison-Wesley, |
| Fecha de publicación, distribución, etc. | [1974] |
| 300 ## - DESCRIPCIÓN FÍSICA | |
| Extensión | XVII, 526 p. ; |
| Dimensiones | 21 cm. |
| 490 1# - MENCIÓN DE SERIE | |
| Mención de serie | World student series |
| 830 0# - PUNTO DE ACCESO ADICIONAL DE SERIE-TÍTULO UNIFORME | |
| Título uniforme | World student series |
| 9 (RLIN) | 227835 |
| 852 ## - LOCALIZACIÓN | |
| Ubicación | ES-MaACL |
| Número de control de estantería | E-6559 |
| Sublocalización o colección | R.91090 |
| Estatus retirado | Estado de pérdida | Estado de daño | No para préstamo | Biblioteca de origen | Biblioteca actual | Ubicación en estantería | Fecha de adquisición | Fuente de adquisición | Total de préstamos | Signatura topográfica completa | Código de barras | Visto por última vez | Precio de reemplazo | Tipo de ítem Koha |
|---|---|---|---|---|---|---|---|---|---|---|---|---|---|---|
| Biblioteca del Ateneo de Madrid | Biblioteca del Ateneo de Madrid | Depósito 2 | 17/01/2008 | E-6559 | 1092620 | 23/02/2023 | 23/02/2023 | Libro impreso |
